|
|
|
|
| LEADER |
00000cam a2200000 a 4500 |
| 001 |
vtls001164064 |
| 003 |
SK-MaSNL |
| 005 |
20260302031522.0 |
| 008 |
240226s1995 xo a brp 000 0 slo |
| 015 |
|
|
|a SNBA1996/0300769
|
| 020 |
|
|
|a 8021705507
|c 1490,00 Sk
|
| 035 |
|
|
|a SNK000107005
|
| 035 |
|
|
|a urn:nbn:sk:snk-amllyc
|
| 035 |
|
|
|a urn:nbn:sk:snk-am00bwmr
|
| 035 |
|
|
|a AEE5D409-6E6E-4F7B-AF53-E9B8C94CC783
|
| 040 |
|
|
|a SNK
|b slo
|c SNK
|e AACR2
|
| 041 |
0 |
|
|a slo
|
| 044 |
|
|
|a xo
|c SK
|
| 080 |
|
|
|a 616-091.5(075.8)
|2 1981
|
| 245 |
0 |
0 |
|a Pitevné cvičenia
|b Učebnica pre lekárske fakulty
|c Vedúci aut. kol. Peter Mráz ... [et al.]
|
| 260 |
|
|
|a Martin
|b Osveta
|c 1995
|
| 300 |
|
|
|a 199 s.
|b Fotogr., tab.
|c 30 cm
|
| 500 |
|
|
|a Ilustr. Lucia Jergušová, Jozef Sklenár, Ľudmila Urbanová, Lýdia Zvolenská
|
| 504 |
|
|
|a Bibliogr. s. 192. Reg.
|
| 650 |
0 |
7 |
|a anatomická pitva
|2 SNK
|9 106216
|
| 650 |
0 |
7 |
|a patologická anatómia
|2 SNK
|9 69202
|
| 655 |
|
7 |
|a učebnice vysokých škôl
|2 SNK
|9 70191
|
| 655 |
|
7 |
|a praktické cvičenia
|2 SNK
|9 70517
|
| 700 |
1 |
|
|a Mráz, Peter,
|d 1940-
|4 com
|4 aut
|9 208965
|
| 700 |
1 |
|
|a Jergušová, Lucia
|4 ill
|9 44616
|
| 700 |
1 |
|
|a Sklenár, Jozef
|4 ill
|9 9381
|
| 700 |
1 |
|
|a Zvolenská, Lýdia,
|d 1960-
|4 ill
|9 220565
|
| 919 |
|
|
|a 80-217-0550-7
|
| 958 |
|
|
|a TL
|
| 958 |
|
|
|a NB
|
| 958 |
|
|
|a UV
|
| 999 |
|
|
|c 1052702
|d 1054632
|
| 952 |
|
|
|t P60, <03>, [BOOK], {603}
|a SNK
|b SNK
|y PREZ
|7 0
|p 17A0002825
|o snkSB 55034
|i snkKSP 1327/96
|0 0
|1 0
|4 0
|d 1996-01-26
|f 1
|l 0
|r 2025-03-28 00:00:00
|w 2026-02-24
|
| 952 |
|
|
|t P60, <09>, [BOOK], {629}
|a SNK
|b SNK
|y NEVYP
|7 0
|o snkB 162
|i snk502/960129
|0 0
|1 0
|4 0
|d 1996-01-26
|l 0
|r 2005-01-01 00:00:00
|w 2026-02-24
|
| 952 |
|
|
|a SNK
|b SNK
|y VYP
|7 0
|p 17A0076737
|o snkSB 55034 D1
|i snkKSP 1328/96
|0 0
|1 0
|4 0
|d 1996-01-26
|l 0
|r 2005-01-01 00:00:00
|w 2026-02-24
|
| 952 |
|
|
|a SNKLM
|b SNKLM
|y NEVYP
|7 0
|o snklmKK 1032
|i snklm928/2001
|8 7
|0 0
|1 0
|4 0
|d 2006-07-27
|l 0
|r 2026-02-24 15:01:57
|w 2026-02-24
|